| 000 | 00905nam a2200253Ia 4500 | ||
|---|---|---|---|
| 008 | 131103s9999 xx 000 0 und d | ||
| 020 |
_a333682750 _cGBP 17.50 |
||
| 040 | _aLoreto College | ||
| 041 | _aEnglish | ||
| 082 |
_a940.27/GRA _bLCLIB/43780 |
||
| 100 | _aGrab, Alexander | ||
| 245 |
_aNapoleon and the transformation of Europe _cAlexander Grab |
||
| 260 |
_aBasingstoke, Hampshire, UK and New York _bPalgrave Macmillan _c2003 |
||
| 300 |
_axiii,249p _b maps _c 20 cm |
||
| 440 | _aEuropean History in Perspective | ||
| 504 | _aIncludes bibliographical references and index | ||
| 630 | _aFrance-History-Consulate and First Empire, 1799-1815 | ||
| 630 | _aNapoleonic Wars, 1800-1815-Influence | ||
| 630 | _aFrance-Foreign Relations-1789-1815 | ||
| 650 | _aEurope-History-1789-1815 | ||
| 651 | _aNapoleon 1, Emperor of the French, 1769-1821 | ||
| 850 | _aLCLIB/940.27/GRA | ||
| 942 | _cBK | ||
| 999 |
_c4755 _d55234 |
||